Industrial market (Record no. 79693)

MARC details
000 -LEADER
fixed length control field 01052cab a22002055a 4500
001 - CONTROL NUMBER
control field L141992
008 - FIXED-LENGTH DATA ELEMENTS--GENERAL INFORMATION
fixed length control field 080117s2007 xxkad f s 000 0 eng d
035 ## - SYSTEM CONTROL NUMBER
System control number (Sirsi) u141992
041 0# - LANGUAGE CODE
Language code of text/sound track or separate title eng
100 1# - MAIN ENTRY--PERSONAL NAME
Personal name Tebbitts, Giles
245 00 - TITLE STATEMENT
Title Industrial market
Remainder of title short term concerns, long term ambitions
260 ## - PUBLICATION, DISTRIBUTION, ETC.
Date of publication, distribution, etc. 2007
490 #0 - SERIES STATEMENT
Series statement Property Forecast
Volume/sequential designation 10(12) December 2007, 14-15(2)
520 ## - SUMMARY, ETC.
Summary, etc. Examines issues affecting the industrial property market including: the immediate concerns of the investment market; the occupier market; development plans at Heathrow and London Gateway. Forecasts for industrial property total returns in 2008 have been revised down to -3.4% per annum. Concludes that despite concerns about the industrial investment market, activity at Heathrow and the huge investment in the London Gateway, mean that long term market prospects are good.
590 ## - LOCAL NOTE (RLIN)
Local note KA
651 #4 - SUBJECT ADDED ENTRY--GEOGRAPHIC NAME
Geographic name United Kingdom
Chronological subdivision
690 ## - LOCAL SUBJECT ADDED ENTRY--TOPICAL TERM (OCLC, RLIN)
Topical term or geographic name as entry element PROPERTY-COMMERCIAL PROPERTY-COMMERCIAL PROPERTY MARKET
690 ## - LOCAL SUBJECT ADDED ENTRY--TOPICAL TERM (OCLC, RLIN)
Topical term or geographic name as entry element PROPERTY-INDUSTRIAL PROPERTY
942 ## - ADDED ENTRY ELEMENTS (KOHA)
Suppress in OPAC 0
Holdings
Withdrawn status Lost status Source of classification or shelving scheme Damaged status Not for loan Home library Current library Shelving location Date acquired Total Checkouts Full call number Barcode Date last seen Copy number Price effective from Koha item type
    Dewey Decimal Classification     London London Journal article 17/01/2008   L141992 141992-1001 06/08/2019 1 06/08/2019 Journal article